000 00720nam a2200253Ia 4500
003 OSt
005 20220928121403.0
006 a|||||r|||| 00| 0
007 ta
008 220927b |||||||| |||| 00| 0 eng d
024 _a118798
037 _bGifted, 26/03/2013, Gifted
_cTextual
040 _aSDCL
_cSDCL
_beng
041 _2eng
_aeng
082 _aB316, Q2
100 _aLax Peter D
245 0 _aComplex proofs of real theoremLax
260 _aRhode
_bIsland AMS
_c2012
300 _axii,90p
_ccm.
650 _aGift
_9391569
700 _a Zalcman Lawrence
_9451827
942 _hB316, Q2
_cTEXL
_2CC
999 _c765839
_d765839